[Event "5th DA Tan Malaysian Open"]
[Site "Kuala Lumpur MAS"]
[Date "2008.08.19"]
[Round "3"]
[White "Priya,P"]
[Black "Nadanian,A"]
[Result "0-1"]
[WhiteElo "2190"]
[BlackElo "2436"]

1.e4 c5 2.Nc3 Nc6 3.Nf3 e6 4.d4 cxd4 5.Nxd4 d6 6.Be2 Nf6 7.O-O Be7 8.Be3 O-O
9.f4 e5 10.fxe5 dxe5 11.Nf5 Bxf5 12.Rxf5 g6 13.Rf1 Nd4 14.Bd3 Rc8 15.Kh1 a6
16.Qe1 b5 17.a3 Rc6 18.Bh6 Re8 19.Qf2 Qd7 20.Nd5 Bd8 21.Ne3 Rd6 22.a4 Nb3
23.Rad1 Nc5 24.axb5 axb5 25.Qe2 Nxd3 26.cxd3 Bb6 27.Rxf6 Rxf6 28.Nd5 Rd6
29.Qf3 Bd8 30.Be3 Rc6 31.Rf1 Ree6 32.b4 Ra6 33.Qh3 Qb7 34.Qh6 Bf6 35.Rc1 Rac6
36.Ra1 Ra6 37.Rc1 Rec6 38.Bc5 Qa8 39.Rf1 Ra1 40.Kg1 Rxf1+ 41.Kxf1 Bg7 42.Qg5 h6
43.Qg4 Re6 44.h4 h5 45.Qg5 Kh7 46.Kg1 Qa3 47.Qe3 Bh6 48.Qf3 Kg7 49.Nc7 Qc1+
50.Kh2 Rc6 51.Nd5 Qe1 52.Be7 Re6 53.Bf6+ Kg8 54.Bd8 Kg7 55.Bf6+ Kf8 56.Bd8 Rc6
57.Be7+ Ke8 58.Qg3 Bf4 59.Nxf4 Qxg3+  0-1

[Event "Independence Cup G"]
[Site "Kyiv UKR"]
[Date "2008.08.19"]
[Round "7"]
[White "Pavlov,S2"]
[Black "Nyzhnyk,I"]
[Result "1-0"]
[WhiteElo "2433"]
[BlackElo "2428"]

1.e4 c5 2.Nf3 Nc6 3.Nc3 e6 4.d4 cxd4 5.Nxd4 Qc7 6.g3 a6 7.Bg2 b5 8.O-O Bb7
9.Re1 Nxd4 10.Qxd4 d6 11.a4 bxa4 12.Qxa4+ Qc6 13.Qxc6+ Bxc6 14.Nd5 Kd8 15.Nb6 Rb8
16.Be3 Nf6 17.Rxa6 Ne8 18.Ra7 Nc7 19.e5 Bxg2 20.Kxg2 f6 21.exd6 Nb5 22.Ra4 Nxd6
23.Bc5 Nf5 24.Bxf8 Rxf8 25.Rxe6 Rf7 26.c4 Rc7 27.b4 Ne7 28.c5 h6 29.Ra1 Ke8
30.Nd5  1-0

[Event "U16 Olympiad"]
[Site "Mersin TUR"]
[Date "2008.08.19"]
[Round "4"]
[White "Sethuraman,S"]
[Black "Baghdasaryan,V"]
[Result "1-0"]
[WhiteElo "2425"]
[BlackElo "2193"]

1.e4 c5 2.Nf3 e6 3.d4 cxd4 4.Nxd4 Nc6 5.Nc3 a6 6.Nxc6 bxc6 7.e5 Qc7 8.Bf4 Ne7
9.Bd3 Nd5 10.Nxd5 cxd5 11.O-O d6 12.Re1 dxe5 13.Bxe5 Bd6 14.Bxd6 Qxd6 15.c4 Bb7
16.Be4 O-O 17.cxd5 f5 18.Bf3 e5 19.Qb3 Rab8 20.Rad1 e4 21.Be2 f4 22.Qc2 f3
23.Bc4 Bc8 24.Qxe4 Rxb2 25.Qe7 Rb6 26.Bb3 Qg6 27.g3 Qg4 28.Kh1 Qh3 29.Rg1 Rh6
30.d6+ Be6 31.Qxe6+ Rxe6 32.Rde1 Kf7 33.g4 Rd8 34.Bxe6+ Kf8 35.Rg3 Qxg3 36.hxg3 Rxd6
37.Re3 g5 38.Rxf3+ Kg7 39.Re3 Kf6 40.Bb3  1-0

[Event "35th Open"]
[Site "Manresa ESP"]
[Date "2008.08.20"]
[Round "9"]
[White "Guliev,L"]
[Black "Diamant,A"]
[Result "1/2-1/2"]
[WhiteElo "2436"]
[BlackElo "2393"]

1.e4 c5 2.Nf3 e6 3.d4 cxd4 4.Nxd4 Nc6 5.Nc3 a6 6.Nxc6 bxc6 7.Bd3 d5 8.O-O Qc7
9.Re1 Bb7 10.Qf3 Bd6 11.e5 Bf8 12.Ne2 g6 13.Nf4 Bg7 14.Qe2 Ne7 15.Nh3  1/2-1/2

[Event "44th Rubinstein Mem Open A"]
[Site "Polanica Zdroj POL"]
[Date "2008.08.20"]
[Round "2"]
[White "Brzeski,M"]
[Black "Hnydiuk,A"]
[Result "1/2-1/2"]
[WhiteElo "2208"]
[BlackElo "2387"]

1.e4 c5 2.Nf3 e6 3.d4 cxd4 4.Nxd4 Nc6 5.Nc3 a6 6.Nxc6 bxc6 7.Bd3 d5 8.O-O Nf6
9.Qe2 Be7 10.Na4 O-O 11.c4 Bb7 12.e5 Nd7 13.Bf4 Nb6 14.Nc3 dxc4 15.Bxc4 Qd4
16.Be3 Qxc4 17.Bxb6 Qb4 18.Bc7 Rac8 19.a3 Qc5 20.Ne4 Qb5 21.Qxb5 cxb5 22.Bd6 Bxe4
23.Bxe7 Rfe8 24.Rac1 f5 25.Bd6 g5 26.f3 Bd5 27.Rc5 Rxc5 28.Bxc5 Rc8 29.Rc1 f4
30.Rc3 Kf7 31.Bb4 Rxc3 32.Bxc3 Kg6 33.Bb4 Kf5 34.Bc3 g4 35.Kf2 h5 36.b4 Bb3
37.Bb2 Bd1 38.Bc3 Bb3  1/2-1/2

[Event "Open A"]
[Site "Vladimir RUS"]
[Date "2008.08.20"]
[Round "8"]
[White "Matinian,N"]
[Black "Savina,A"]
[Result "1-0"]
[WhiteElo "2291"]
[BlackElo "2269"]

1.e4 c5 2.Nf3 Nc6 3.Nc3 e6 4.d4 cxd4 5.Nxd4 Nf6 6.Be3 Bb4 7.Nxc6 bxc6 8.Bd3 d5
9.e5 d4 10.exf6 dxc3 11.O-O Qxf6 12.Qg4 cxb2 13.Rad1 Bc3 14.Bc5 Qe5 15.Ba3 Bb7
16.Bc4 Rd8 17.Qf3 Qf6 18.Qg3 Qe5 19.Qf3 Qf6 20.Qe3 Rxd1 21.Rxd1 Qd4 22.Qe2 Qf6
23.Ba6 Ba8 24.Bc8 Bd4 25.c3 Qd8 26.Bxe6 Bxf2+ 27.Kxf2  1-0

[Event "Elektroprivreda Day Rapid"]
[Site "Niksic MNE"]
[Date "2008.08.21"]
[Round "1.2"]
[White "Kalezic,B"]
[Black "Miladinovic,I"]
[Result "1-0"]
[WhiteElo "2429"]
[BlackElo "2571"]

1.e4 c5 2.Nf3 Nc6 3.Nc3 e6 4.d4 cxd4 5.Nxd4 Qc7 6.Be3 Nf6 7.a3 a6 8.Be2 b5
9.Nxc6 dxc6 10.f4 Bb7 11.Bf3 e5 12.Qd2 Bd6 13.O-O-O O-O-O 14.Qf2 exf4 15.Bb6 Qe7
16.Bxd8 Rxd8 17.Kb1 Kc7 18.Rhe1 Be5 19.Rxd8 Qxd8 20.Rd1 Qe7 21.Ne2 g5 22.Nd4 g4
23.Nf5 Qe6 24.Qd2 Kb6 25.Nd4 Qc8 26.Nb3 gxf3 27.gxf3 c5 28.a4 b4 29.a5+ Ka7
30.Qf2 Kb8 31.Nxc5 Qc7 32.Nd3 Nd7 33.Rg1 Qxa5 34.Rg8+ Bc8 35.Qd2 Bc7 36.Nxb4 Ne5
37.Qc3 Kb7 38.Re8 Be6 39.Re7 Bc4  1-0

[Event "23rd Open"]
[Site "Schwarzach AUT"]
[Date "2008.08.21"]
[Round "6"]
[White "Fiderer,L"]
[Black "Ross,C"]
[Result "1/2-1/2"]
[WhiteElo "2099"]
[BlackElo "2159"]

1.e4 c5 2.Nf3 e6 3.Nc3 Nc6 4.d4 cxd4 5.Nxd4 Qc7 6.Be2 a6 7.O-O Nf6 8.Be3 Be7
9.f4 d6 10.a4 O-O 11.Kh1 Nxd4 12.Qxd4 e5 13.Qc4 Qxc4 14.Bxc4 exf4 15.Bxf4 Be6
16.Nd5 Bxd5 17.Bxd5 Nxd5 18.exd5 Bf6 19.c3 Be5 20.Bxe5 dxe5 21.c4 Rac8 22.Rac1 a5
23.c5 Rfd8 24.Rfd1 f5 25.Kg1 Kf7 26.Kf2 Rd7 27.Rd3 e4 28.Rb3 Rxd5 29.Rxb7+ Kf6
30.Rb5 Rd2+ 31.Kf1 e3 32.c6 f4 33.h4 h6 34.h5 Ke7 35.Rb7+ Kf6 36.Rb5 Ke7
37.Rb7+ Kf6 38.Rb5  1/2-1/2

[Event "XXV Open"]
[Site "Collado Villalba ESP"]
[Date "2008.08.22"]
[Round "1"]
[White "Vazquez Torres,A"]
[Black "Serrano Salvador,E"]
[Result "1/2-1/2"]
[WhiteElo "1981"]
[BlackElo "2341"]

1.e4 c5 2.Nf3 e6 3.d4 cxd4 4.Nxd4 Nc6 5.Nc3 a6 6.Be2 Qc7 7.Be3 Nf6 8.O-O Bb4
9.Na4 Bd6 10.f4 Nxe4 11.Nxc6 Qxc6 12.Qd4 Nf6 13.Rad1 Be7 14.Nb6 Rb8 15.Bf3 Qc7
16.Rd3 d5 17.c4 O-O 18.cxd5 exd5 19.Rc1 Qd8 20.Nxd5 Nxd5 21.Qxd5 Qxd5 22.Bxd5 Bf5
23.Rb3 b5 24.Rc7 Bf6 25.Ra7 Rbd8 26.Bf3 Rfe8 27.Bf2 Rc8 28.h3 Rc1+ 29.Kh2 Rc2
30.Re3 Rec8 31.Re2 Rxe2 32.Bxe2 h6 33.Bf3 Rc2 34.Be3 Rxb2 35.Rxa6 Be6 36.a3 b4
37.axb4 Rxb4 38.Rb6 Ra4 39.Rb5  1/2-1/2

[Event "5th DA Tan Malaysian Open"]
[Site "Kuala Lumpur MAS"]
[Date "2008.08.22"]
[Round "8"]
[White "Amru,M"]
[Black "Rahman,Zia"]
[Result "0-1"]
[WhiteElo "2022"]
[BlackElo "2564"]

1.e4 c5 2.Nf3 Nc6 3.d4 cxd4 4.Nxd4 e6 5.Nc3 Qc7 6.Be2 Nf6 7.O-O Be7 8.Be3 O-O
9.f4 d6 10.Kh1 Bd7 11.Nb3 Rfd8 12.Bf3 Rac8 13.Qe1 Qb8 14.a4 Be8 15.Rd1 b6
16.g4 Nb4 17.Rd2 d5 18.e5 Ne4 19.Nxe4 dxe4 20.Bxe4 Bxa4 21.Nd4 Nd5 22.c3 Bc5
23.Rf3 Nxe3 24.Rxe3 Bxd4 25.cxd4 Bc6 26.Rc3 Bxe4+ 27.Qxe4 Rxc3 28.bxc3 Qc7
29.Rd3 Qc4 30.f5 b5 31.Kg1 h6 32.h4 b4 33.cxb4 Qxb4 34.g5 Qb1+ 35.Kf2 Rb8
36.Kg3 exf5 37.Qxf5 g6 38.Qf3 Rb2 39.Rd1 Qc2 40.Qf1 Rb3+  0-1

[Event "U16 Olympiad"]
[Site "Mersin TUR"]
[Date "2008.08.22"]
[Round "7"]
[White "Kilpatrick,C"]
[Black "Baghdasaryan,V"]
[Result "0-1"]
[WhiteElo "2203"]
[BlackElo "2193"]

1.e4 c5 2.Nf3 e6 3.d4 cxd4 4.Nxd4 Nc6 5.Nc3 Qc7 6.Be3 Nf6 7.f4 d6 8.Qf3 Bd7
9.O-O-O a6 10.Nb3 Be7 11.g4 g5 12.e5 dxe5 13.fxg5 Nd5 14.Rxd5 exd5 15.Nxd5 Qd6
16.Bc5 Bxg4 17.Qg2 Qxd5 18.Qxd5 Rd8 19.Qxd8+ Nxd8 20.Rg1 Bh5 21.Bxe7 Kxe7
22.Nc5 h6 23.h4 hxg5 24.hxg5 Bf3 25.Rg3 Bc6 26.Bh3 Kd6 27.b4 b6 28.Rd3+ Ke7
29.Nxa6 Bb5 30.Re3 Bxa6 31.Rxe5+ Kd6 32.Re3 Rg8 33.Rg3 Ne6 34.Bxe6 Kxe6 35.Re3+ Kd6
36.Rf3 Bc4 37.Rf5 Bxa2 38.Kd2 Be6 39.Rb5 Kc6 40.Re5 Rd8+ 41.Ke3 Rd5 42.Ke4 Rxe5+
43.Kxe5 Ba2 44.Kd4  0-1

[Event "44th Rubinstein Mem Open A"]
[Site "Polanica Zdroj POL"]
[Date "2008.08.22"]
[Round "4"]
[White "Tokarski,L"]
[Black "Hnydiuk,A"]
[Result "1/2-1/2"]
[WhiteElo "2238"]
[BlackElo "2387"]

1.e4 c5 2.Nf3 e6 3.d4 cxd4 4.Nxd4 Nc6 5.Nc3 a6 6.Be3 Nf6 7.f4 Bb4 8.Bd3 O-O
9.Qf3 e5 10.Nxc6 dxc6 11.f5 Nd7 12.h4 Nc5 13.Bd2 Nxd3+ 14.cxd3 f6 15.g4 Qe7
16.g5 fxg5 17.hxg5 g6 18.f6 Qf7 19.Ke2 h5 20.Rag1 Be6 21.Rh4 Rad8 22.a3 Bc5
23.Rgh1 Rd7 24.Na4 Bd4 25.Bb4 Rb8 26.Nc5 Bxc5 27.Bxc5 Bc4 28.Rd1 Rxd3 29.Rxd3 Rd8
30.Rh3 Rxd3 31.Qxd3 Bxd3+ 32.Rxd3 Qc4 33.b4 Qxe4+ 34.Kd2 Qg2+ 35.Kc3 Qg4
36.Rd8+ Kf7 37.Rd7+ Ke6 38.Rd6+ Kf7 39.Rd7+ Ke6 40.Rd6+ Kf7 41.Rd7+ Ke6 42.Rd6+ Kf7  1/2-1/2

[Event "2nd Euwe Stimulans"]
[Site "Sao Paulo BRA"]
[Date "2008.08.22"]
[Round "1"]
[White "Milos,G"]
[Black "El Debs,F"]
[Result "1-0"]
[WhiteElo "2598"]
[BlackElo "2440"]

1.e4 c5 2.Nf3 e6 3.d4 cxd4 4.Nxd4 Nc6 5.Nc3 Qc7 6.Be2 a6 7.O-O Nf6 8.Kh1 Nxd4
9.Qxd4 Bc5 10.Qd3 b5 11.f4 Bb7 12.Bf3 O-O 13.e5 Ne8 14.Bxb7 Qxb7 15.a4 d5
16.f5 b4 17.Ne2 exf5 18.Rxf5 Nc7 19.Bd2 Ne6 20.Raf1 Be7 21.Qh3 Qc6 22.Rh5 Qxc2
23.Ng3 Qg6 24.Nf5 Rfe8 25.Qf3 Rab8 26.Rh3 h6 27.Bxh6 gxh6 28.Nxh6+ Kg7 29.Nf5+ Kg8
30.Rh6 Qg5 31.Qh3 f6 32.Rh8+ Kf7 33.Rh7+ Kf8 34.Rh8+ Kf7 35.Rh7+ Kf8 36.Nxe7 Rxe7
37.Rxf6+ Ke8 38.Rxe7+ Kd8 39.Ref7  1-0

[Event "X Sants Open"]
[Site "Barcelona ESP"]
[Date "2008.08.23"]
[Round "2"]
[White "Mindeguia Guruceaga,J"]
[Black "Cruz,Cr"]
[Result "0-1"]
[WhiteElo "2217"]
[BlackElo "2508"]

1.e4 c5 2.Nf3 Nc6 3.d4 cxd4 4.Nxd4 e6 5.Nc3 Qc7 6.g3 a6 7.Bg2 d6 8.O-O Bd7
9.Re1 Be7 10.Nxc6 Bxc6 11.a4 Nf6 12.Be3 O-O 13.a5 Nd7 14.Na4 Rae8 15.Nb6 f5
16.Nxd7 Qxd7 17.exf5 Bxg2 18.Kxg2 Rxf5 19.Bb6 Ref8 20.Re2 h5 21.h4 R8f6 22.Qd3 Qc6+
23.Qe4 d5 24.Qa4 Qc8 25.Rd1 Bc5 26.f4 Bd6 27.Rd4 Rg6 28.Kh2 Qf8 29.Qb3 Qf6
30.Qf3 Kh7 31.c4 e5 32.Rxd5 exf4 33.Rxf5 Qxf5  0-1

[Event "Jessie Gilbert Celebration Int"]
[Site "Coulsdon ENG"]
[Date "2008.08.23"]
[Round "8"]
[White "Storey,Ch"]
[Black "Tippleston,C"]
[Result "1-0"]
[WhiteElo "2268"]
[BlackElo "2192"]

1.e4 c5 2.Nf3 Nc6 3.Nc3 e6 4.d4 cxd4 5.Nxd4 Nf6 6.Ndb5 d6 7.Bf4 e5 8.Bg5 a6
9.Na3 b5 10.Bxf6 gxf6 11.Nd5 f5 12.c3 Bg7 13.g3 fxe4 14.Bg2 O-O 15.Bxe4 f5
16.Bg2 Be6 17.Nc2 a5 18.Qd2 Rc8 19.O-O f4 20.Rfd1 Kh8 21.Qe2 Ne7 22.Nxf4 Bc4
23.Nd3 d5 24.Qe1 Qc7 25.Na3 Bxd3 26.Rxd3 e4 27.Rdd1 b4 28.Nb5 Qb6 29.Bf1 bxc3
30.bxc3 Rf3 31.Nd4 Rfxc3 32.Rab1 Qh6 33.Ne2 Ra3 34.Rb7 Qf6 35.Nf4 Qe5 36.Qe2 Rd8
37.Qg4 Rg8 38.Qd7 Bf8 39.Nxd5 Rg7 40.Qe8 Ng6 41.Rb8 Qxe8 42.Rxe8 Rxa2 43.Nf4 Re7
44.Nxg6+ hxg6 45.Rxf8+ Kg7 46.Rg8+ Kxg8 47.Bc4+ Kg7 48.Bxa2 Re5 49.Rd5 Kf6
50.Rxe5 Kxe5 51.Kf1 g5 52.h3 a4 53.Ke2 Kd4  1-0

[Event "U16 Olympiad"]
[Site "Mersin TUR"]
[Date "2008.08.23"]
[Round "9"]
[White "Janiashvili,I"]
[Black "Baghdasaryan,V"]
[Result "1-0"]
[WhiteElo "2192"]
[BlackElo "2193"]

1.e4 c5 2.Nf3 e6 3.d4 cxd4 4.Nxd4 Nc6 5.Nc3 Qc7 6.g3 a6 7.Bg2 Nf6 8.O-O d6
9.Re1 Be7 10.Nxc6 bxc6 11.e5 dxe5 12.Rxe5 O-O 13.Bf4 Qb7 14.Na4 Rd8 15.Qf3 Nd5
16.Bd2 Qc7 17.Ree1 Bb7 18.c4 Nf6 19.Rad1 Nd7 20.Bc3 Rab8 21.c5 Bf6 22.b4 Bxc3
23.Qxc3 Nf6 24.Nb6 Nd5 25.Qd4 Re8 26.a4 Rbd8 27.Nxd5 cxd5 28.b5 e5 29.Qb4 Qe7
30.Rb1 a5 31.Qxa5 Qxc5 32.Rxe5 Ra8 33.Rxe8+ Rxe8 34.Qd2 Rb8 35.Qf4 Ra8 36.h4 f6
37.Rc1 Qa3 38.Rc7 Rxa4 39.Qf5 h6 40.Rxb7 Qc1+ 41.Kh2  1-0

[Event "X Sants Open"]
[Site "Barcelona ESP"]
[Date "2008.08.24"]
[Round "3"]
[White "Alsina Leal,D"]
[Black "Lammers,M"]
[Result "0-1"]
[WhiteElo "2517"]
[BlackElo "2355"]

1.e4 c5 2.Nf3 e6 3.d4 cxd4 4.Nxd4 Nc6 5.Nc3 Qc7 6.Be2 a6 7.O-O Nf6 8.Be3 Be7
9.f4 d6 10.a4 O-O 11.Kh1 Bd7 12.Nb3 b6 13.Bf3 Bc8 14.Bf2 Bb7 15.Qe2 Na5 16.Nd2 Rac8
17.e5 Nd7 18.Bxb7 Qxb7 19.Bg3 d5 20.f5 exf5 21.Rxf5 d4 22.Nce4 Rxc2 23.Qg4 Qc6
24.Raf1 Rc1 25.Rxc1 Qxc1+ 26.Rf1 Qc6 27.Nd6 Bxd6 28.exd6 Qxa4 29.h3 Qb5 30.Rf2 d3
31.Nf3 Nf6 32.Qh4 Qd5 33.Nd2 Nc6 34.Bf4 Nd4 35.Bg5 Nf5 36.Qf4 Nh5 37.Qg4 Nhg3+
38.Kh2 h5 39.Qf3 Qe6 40.Qxd3 h4 41.d7 Qe1 42.Rf1 Nxf1+ 43.Nxf1 Ng3 44.d8=Q Nxf1+
45.Qxf1 Qxf1 46.Qxb6 Qb5 47.Qxb5 axb5 48.Bxh4 Re8 49.Bf2 Re4 50.Bc5 Rc4 51.Bd6 f6
52.Kg3 Rd4 53.Bc5 Rd3+ 54.Kh2 Rb3 55.Bd4 Kf7 56.g4 b4  0-1

[Event "U16 Olympiad"]
[Site "Mersin TUR"]
[Date "2008.08.24"]
[Round "10"]
[White "Kanmazalp,O"]
[Black "Nikolashvili,G"]
[Result "1/2-1/2"]
[WhiteElo "2281"]
[BlackElo "2197"]

1.e4 c5 2.Nc3 e6 3.Nf3 Nc6 4.d4 cxd4 5.Nxd4 Bc5 6.Nb3 Bb4 7.Bd3 Nf6 8.O-O O-O
9.Bg5 d6 10.f4 Bxc3 11.bxc3 Qc7 12.Bxf6 gxf6 13.Qg4+ Kh8 14.Qh4 Qd8 15.Rf3 Rg8
16.Raf1 Bd7 17.Nd4 Rg7 18.Rg3 f5 19.Qxd8+ Rxd8 20.exf5 Rxg3 21.hxg3 Nxd4
22.cxd4 exf5 23.Kf2 Kg7 24.Rh1 Rc8 25.g4 fxg4 26.Rxh7+ Kf6 27.Rh6+ Ke7 28.f5 Rc3
29.Ke3 Ba4 30.Kd2 Ra3 31.Rh4 Rxa2 32.Rxg4 Bc6 33.Rg7 Kf6 34.Rg8 Ra1 35.g4 Rg1
36.Ke3 Rg3+ 37.Kf2 Rg2+ 38.Ke3 Rg3+  1/2-1/2

[Event "X Sants Open"]
[Site "Barcelona ESP"]
[Date "2008.08.25"]
[Round "4"]
[White "Nijboer,F"]
[Black "Diamant,A"]
[Result "1/2-1/2"]
[WhiteElo "2564"]
[BlackElo "2393"]

1.e4 c5 2.Nf3 e6 3.Nc3 Nc6 4.d4 cxd4 5.Nxd4 a6 6.Nxc6 bxc6 7.Bd3 d5 8.O-O Qc7
9.Qe2 Bb7 10.b3 Nf6 11.Bb2 Bd6 12.Kh1 Be7 13.Rad1 O-O 14.Rfe1 Nd7 15.Na4 Ne5
16.exd5 Nxd3 17.Rxd3 cxd5 18.Rc3 Qf4 19.Rg3 g6 20.Be5 Qf5 21.Nb6 Rad8 22.Rf3 Qh5
23.Bd4 Bd6 24.Rh3 Qf5 25.Rf3 Qh5 26.Rh3  1/2-1/2

[Event "44th Rubinstein Mem Open A"]
[Site "Polanica Zdroj POL"]
[Date "2008.08.25"]
[Round "7"]
[White "Szczepkowska Horowska,K"]
[Black "Kozak,Ma"]
[Result "1/2-1/2"]
[WhiteElo "2285"]
[BlackElo "2195"]

1.e4 c5 2.Nf3 e6 3.d4 cxd4 4.Nxd4 Nc6 5.Nc3 d6 6.Nxc6 bxc6 7.Bd3 e5 8.O-O Nf6
9.Kh1 Be7 10.f4 O-O 11.fxe5 dxe5 12.Be3 Be6 13.Qe1 Ng4 14.Bg1 Bh4 15.Qe2 Rb8
16.b3 Qa5 17.Na4 Be7 18.Qe1 Qxe1 19.Raxe1 a5 20.Nc5 Bc8 21.Bc4 Nf6 22.Nd3 Bd6
23.Bf2 Bg4 24.Re3 Bh5 25.Bh4  1/2-1/2

[Event "44th Rubinstein Mem Open A"]
[Site "Polanica Zdroj POL"]
[Date "2008.08.25"]
[Round "7"]
[White "Barski,R"]
[Black "Stoma,P"]
[Result "0-1"]
[WhiteElo "2154"]
[BlackElo "2294"]

1.e4 c5 2.Nf3 Nc6 3.Nc3 e6 4.d4 cxd4 5.Nxd4 Qc7 6.Nb3 Nf6 7.Bd3 a6 8.O-O b5
9.Qe2 Bb7 10.Bd2 Be7 11.Kh1 d6 12.a4 b4 13.Na2 d5 14.exd5 Nxd5 15.f4 O-O
16.f5 e5 17.c3 bxc3 18.Nxc3 Nf6 19.a5 Nb4 20.Bb1 Rac8 21.Bg5 Nbd5 22.Nxd5 Nxd5
23.f6 Nxf6 24.Bxf6 Bxf6 25.Rxf6 gxf6 26.Bxh7+ Kh8 27.Qh5 Rg8 28.Bxg8+ Kxg8
29.Qg4+ Kf8 30.Qb4+ Ke8 31.h3 Qc6 32.Rg1 Qd5 33.Qa4+ Ke7 34.Qb4+ Ke8 35.Qa4+ Bc6
36.Qb4 f5 37.Kh2 Bb7 38.Nd2 Rc5 39.b3 Rc2 40.Nf3 Qxf3  0-1

[Event "Amizade Open"]
[Site "Sao Paulo BRA"]
[Date "2008.08.25"]
[Round "4"]
[White "Rodi,L"]
[Black "Vescovi,G"]
[Result "0-1"]
[WhiteElo "2376"]
[BlackElo "2631"]

1.e4 c5 2.Nf3 e6 3.d4 cxd4 4.Nxd4 Nc6 5.Nc3 a6 6.Be3 Nf6 7.Qd2 Ng4 8.Nxc6 bxc6
9.Bg5 Qa5 10.Be2 Nf6 11.O-O Bb4 12.Bd3 h6 13.Be3 d5 14.exd5 Nxd5 15.Bd4 O-O
16.a3 Bxc3 17.Bxc3 Nxc3 18.Qxc3 Qxc3 19.bxc3 Bd7 20.Rab1 Ra7 21.Rb6 Rfa8
22.f4 Kf8 23.Be4 Rc8 24.Bd3 c5 25.Rfb1 c4 26.Be2 a5 27.Rb7 Rxb7 28.Rxb7 Ba4
29.Rb2 g5 30.g3 gxf4 31.gxf4 Rc5 32.Kf2 Rf5 33.Ke3 e5 34.fxe5 Rxe5+ 35.Kf2 Bb5
36.Rb1 Rd5 37.Ke3 Re5+ 38.Kf2 Ke7 39.Rd1 Kf6 40.Rd4 Rc5 41.Ke3 Re5+ 42.Kf2 Ba4
43.Bxc4 Bxc2 44.Rd6+ Kg5 45.h4+ Kxh4 46.Rxh6+ Kg5 47.Rd6 f5 48.Bd5 Kf4 49.Bf7 Re3
50.Rd5 Rxc3 51.Rxa5 Be4 52.Bh5 Rc2+ 53.Ke1 Ke3 54.Rb5 Rc1+ 55.Bd1 f4 56.Rb2 f3
57.a4 Bd3 58.a5 Be2 59.Rb3+ Kf4 60.Kf2 Rxd1 61.Rb4+ Ke5 62.Ra4 Rd7 63.Ke3 Ra7
64.Rh4 Kd5 65.Rh5+ Kc4 66.Kf2 Kb4 67.Rh8 Rxa5 68.Rd8 Rf5 69.Rc8 Bc4 70.Re8 Bd5
71.Rd8 Kc5 72.Rc8+ Kd4 73.Rc1 Rg5 74.Rd1+ Ke4 75.Rc1 Rg2+ 76.Kf1 Ra2 77.Kg1 Kf4
78.Rc7 Be6 79.Rb7 f2+  0-1

[Event "TCh-MNE Premier"]
[Site "Herceg Novi MNE"]
[Date "2008.08.26"]
[Round "2"]
[White "Anicic,V"]
[Black "Kontic,D"]
[Result "0-1"]
[WhiteElo "2208"]
[BlackElo "2339"]

1.e4 c5 2.Nf3 e6 3.d4 cxd4 4.Nxd4 Nc6 5.Nc3 a6 6.Be3 Nf6 7.Bd3 d5 8.O-O e5
9.Nxc6 bxc6 10.exd5 cxd5 11.Bg5 Be7 12.Re1 e4 13.Bf1 Bb7 14.Qd4 O-O 15.Rad1 Re8
16.Re3 Ng4 17.Bxe7 Qxe7 18.Rg3 Ne5 19.Qb6 Rab8 20.Bxa6 Ba8 21.Qh6 Ng6 22.Qc1 Qf6
23.Bb5 d4 24.Bxe8 dxc3 25.Ba4 cxb2 26.Qb1 Nf4 27.Rb3 Rxb3 28.Bxb3 Ne2+ 29.Kf1 Nc3
30.Qxb2 e3 31.Bxf7+ Kxf7 32.Rd7+ Kg6 33.f3 Bxf3 34.Ke1 Bg4 35.Rd6 Qxd6 36.Qxc3 Qd1+  0-1

[Event "44th Rubinstein Mem Open A"]
[Site "Polanica Zdroj POL"]
[Date "2008.08.26"]
[Round "8"]
[White "Kanarek,M"]
[Black "Hnydiuk,A"]
[Result "1/2-1/2"]
[WhiteElo "2349"]
[BlackElo "2387"]

1.e4 c5 2.Nf3 e6 3.d4 cxd4 4.Nxd4 Nc6 5.Nc3 a6 6.Be3 Nf6 7.Qd2 Bb4 8.f3 d5
9.a3 Qa5 10.exd5 Nxd5 11.Nb3 Bxc3 12.Nxa5 Bxd2+ 13.Bxd2 Nxa5 14.Bxa5 Ne3
15.Kf2 Nxf1 16.Rhxf1 Bd7 17.Rfd1 Bc6 18.Bb6 f6 19.a4 Kf7 20.c4 Rhc8 21.b3 Be8
22.a5 Bc6 23.Rd2 Re8 24.Rad1  1/2-1/2

[Event "16th Nikea Open"]
[Site "Athens GRE"]
[Date "2008.08.27"]
[Round "3"]
[White "Hristodoulou,P"]
[Black "Michelakos,P"]
[Result "1/2-1/2"]
[WhiteElo "2102"]
[BlackElo "1976"]

1.e4 c5 2.Nf3 e6 3.d4 cxd4 4.Nxd4 Nc6 5.Nc3 Qc7 6.Be3 Nf6 7.Bd3 Be7 8.O-O O-O
9.f4 a6 10.Qf3 b5 11.e5 Ne8 12.Nxc6 dxc6 13.Be4 Bb7 14.a4 b4 15.Ne2 Rb8 16.Ba7 Ra8
17.Be3 Rb8 18.c3 c5 19.cxb4 Bxe4 20.Qxe4 Rxb4 21.Qc2 Qb7 22.b3 Rxb3 23.Rab1 c4
24.Nd4 Rxb1 25.Rxb1 Qd5 26.Rd1 Bc5 27.Kh1 Bxd4 28.Rxd4 Qa5 29.Rxc4 Qe1+ 30.Bg1 Qf1
31.Rc8 g6 32.Qc5 Qxf4 33.a5 Qa4 34.Qe7 Kg7 35.h3 h6 36.Be3 Rg8 37.Ra8 Qe4
38.Rxe8 Qxe3 39.Qf6+ Kh7 40.Qxf7+ Rg7 41.Qf6 Qe1+ 42.Kh2 Qxa5 43.Rxe6 Qc5
44.Re8 a5 45.Qd8 Rg8 46.Re7+ Rg7 47.Rxg7+ Kxg7 48.Qf6+ Kh7 49.Qf7+ Kh8 50.Qf6+ Kh7
51.Qd6 Qb4 52.Qc7+ Kg8 53.e6 Qf8 54.Qxa5 Qd6+  1/2-1/2

[Event "USCL 2008"]
[Site "ICC INT"]
[Date "2008.08.27"]
[Round "1"]
[White "Wolff,Pa"]
[Black "Zivanic,M"]
[Result "1/2-1/2"]
[WhiteElo "2564"]
[BlackElo "2477"]

1.e4 c5 2.Nf3 e6 3.d4 cxd4 4.Nxd4 Nc6 5.Nc3 Qc7 6.Be3 a6 7.Bd3 Nf6 8.O-O h5
9.h3 Bd6 10.Re1 b5 11.a4 b4 12.Nd5 exd5 13.exd5 Ne7 14.Nf5 O-O 15.Bd4 Bh2+
16.Kh1 Nxf5 17.Bxf6 Qb6 18.Bg5 Qxf2 19.Rf1 Ng3+ 20.Kxh2 Nxf1+ 21.Qxf1 Qxf1
22.Rxf1 Re8 23.d6 Re5 24.Bf4 Re6 25.Bf5 Re8 26.Bg5 Bb7 27.Be7 Bc6 28.b3 Ra7
29.Bd3 Bd5 30.Rf5 Be6 31.Rxh5 f6 32.g4 Kf7 33.Rc5 g5 34.Be4 a5 35.Kg3 Rh8
36.Bg2  1/2-1/2

[Event "XLII Open"]
[Site "Mislata ESP"]
[Date "2008.08.27"]
[Round "4"]
[White "Alonso Moyano,J"]
[Black "Cabrera,Ale"]
[Result "1-0"]
[WhiteElo "2372"]
[BlackElo "2513"]

1.e4 c5 2.Nc3 e6 3.Nf3 Nc6 4.d4 cxd4 5.Nxd4 Qc7 6.Be3 a6 7.Qd2 Nf6 8.f3 Bb4
9.a3 Be7 10.g4 d6 11.h4 Nd7 12.g5 b5 13.Nxc6 Qxc6 14.Bd4 Ne5 15.Be2 Rg8 16.b3 Bb7
17.O-O-O O-O-O 18.Kb2 Qc7 19.a4 b4 20.Na2 d5 21.exd5 a5 22.Qe3 Rxd5 23.Bb6 Qd6
24.Bxa5 Nc6 25.Bb6 h6 26.f4 hxg5 27.hxg5 e5 28.Rxd5 Qxd5 29.Bg4+ Kb8 30.Rd1 exf4
31.Rxd5 fxe3 32.Bxe3 f6 33.Bc5 f5 34.Rxf5 Bc8 35.Bxe7 Bxf5 36.Bd6+ Kb7 37.Bxf5 Rd8
38.Bxb4 Rd5 39.Be4 Rxg5 40.Bc3 Kc7 41.b4 Rg4 42.Bd3 g5 43.a5 Rf4 44.b5 g4
45.bxc6 Kxc6 46.Be5 Rf8 47.a6 Re8 48.a7 Kb7 49.Bd4 g3 50.Bf1  1-0

[Event "2nd Open"]
[Site "Urumia IRI"]
[Date "2008.08.27"]
[Round "2"]
[White "Navarchi,M"]
[Black "Rasulov,Vu"]
[Result "0-1"]
[WhiteElo "2024"]
[BlackElo "2392"]

1.e4 c5 2.Nf3 e6 3.d4 cxd4 4.Nxd4 Nc6 5.Nc3 Qc7 6.Be3 a6 7.Be2 b5 8.a3 Bb7
9.O-O Nf6 10.Kh1 Nxd4 11.Qxd4 Bd6 12.Qd3 h5 13.f4 Ng4 14.Bd2 Bc5 15.Qg3 f5
16.Rae1 h4 17.Qf3 Qb6 18.h3 Nf2+ 19.Kh2 fxe4 20.Nxe4 Nxe4 21.Qd3 Bf2 22.Bh5+ Rxh5
23.Rxe4 Rd5 24.Qe2 Rxd2 25.Qh5+ Kd8 26.Qg5+ Kc8  0-1

[Event "X Sants Open"]
[Site "Barcelona ESP"]
[Date "2008.08.28"]
[Round "7"]
[White "Recuero Guerra,D"]
[Black "Fier,A"]
[Result "0-1"]
[WhiteElo "2417"]
[BlackElo "2558"]

1.e4 c5 2.Nf3 e6 3.d4 cxd4 4.Nxd4 Nc6 5.Nc3 a6 6.Be2 d6 7.Be3 Nf6 8.O-O Be7
9.f4 O-O 10.Qe1 Nxd4 11.Bxd4 b5 12.a3 Bb7 13.Qg3 g6 14.Bd3 Nh5 15.Qg4 Nxf4
16.Qxf4 e5 17.Qf2 Bh4 18.g3 exd4 19.Qxd4 Bg5 20.Nd5 Bxd5 21.Qxd5 Bf6 22.c3 Be5
23.Bc2 h5 24.Bb3 Ra7 25.Qd3 Qg5 26.Rf3 h4 27.Qe3 Qxe3+ 28.Rxe3 hxg3 29.hxg3 a5
30.Bd5 Rc7 31.Kf1 Kg7 32.Ra2 f5 33.Kg2 f4 34.gxf4 Rxf4 35.Ra1 b4 36.axb4 axb4
37.Ra8 bxc3 38.Rg8+ Kf6 39.Rf8+ Kg5 40.Rxf4 cxb2 41.Rf1 Rc2+ 42.Kf3 Rc1 43.Ree1 b1=Q
44.Rg1+ Kf6 45.Rxc1 Qd3+ 46.Kf2 Bd4+ 47.Kg2 Qe2+ 48.Kh3 Qh5+ 49.Kg3 Qg5+
50.Kh2 Qh4+ 51.Kg2 Qg4+ 52.Kh2 Be5+  0-1

[Event "X Sants Open"]
[Site "Barcelona ESP"]
[Date "2008.08.28"]
[Round "7"]
[White "Salgado Lopez,I"]
[Black "Diamant,A"]
[Result "1/2-1/2"]
[WhiteElo "2532"]
[BlackElo "2393"]

1.e4 c5 2.Nf3 e6 3.d4 cxd4 4.Nxd4 Nc6 5.Nc3 a6 6.Be3 Nf6 7.f4 Bb4 8.Bd3 d6
9.Nxc6 bxc6 10.O-O e5 11.h3 O-O 12.fxe5 dxe5 13.Na4 Be6 14.Qe2 Nd7 15.Bc4 Re8
16.Rad1 Qc7 17.Kh2 Bf8 18.b3 a5 19.Rf2 Rab8 20.c3 Nf6 21.Bg5 Bxc4 22.Qxc4 Be7
23.Be3 Qb7 24.Bb6 Bd8 25.Bxd8 Rexd8 26.Rfd2 Rxd2 27.Rxd2 Qb5 28.Qxb5 cxb5
29.Nc5 h5 30.Nd7 Nxe4 31.Rd5 Nxc3 32.Rc5 Rd8 33.Nxe5 Rd5 34.Rxc3 Rxe5 35.a3 h4
36.Kg1 Re1+ 37.Kf2 Rb1 38.Rc8+ Kh7 39.Ra8 Rb2+ 40.Kg1 Rxb3 41.Rxa5 Rb2 42.a4 bxa4
43.Rxa4 g5 44.Ra5 Kg6 45.Rc5 Rb1+ 46.Kf2  1/2-1/2

[Event "XIII Konik Morski Open A"]
[Site "Rewal POL"]
[Date "2008.08.28"]
[Round "8"]
[White "Cagara,P"]
[Black "Michna,C"]
[Result "1/2-1/2"]
[WhiteElo "2078"]
[BlackElo "2304"]

1.e4 c5 2.Nc3 e6 3.Nf3 Nc6 4.d4 cxd4 5.Nxd4 Nf6 6.Ndb5 Bb4 7.a3 Bxc3+ 8.Nxc3 d5
9.exd5 exd5 10.Bd3 O-O 11.O-O h6 12.Bf4 d4 13.Nb5 Nd5 14.Bg3 Be6 15.Re1 Qd7
16.Bc4 Bg4 17.f3 Nb6 18.Bd3 Bh5 19.Nd6 f5 20.Nc4 Nxc4 21.Bxc4+ Bf7 22.Qd3 Rad8
23.Rad1 Bxc4 24.Qxc4+ Qf7 25.Qxf7+ Kxf7 26.Re2 Rd7 27.Rd3 Rfd8 28.Bf2 Rd5
29.f4 Rb5 30.b3 Ra5 31.a4 Rad5 32.Be1 R8d7 33.Kf2 Nd8 34.Bb4 Ne6 35.g3 g5
36.fxg5 hxg5 37.c3 dxc3 38.Rxc3 a5 39.Ba3 Rd3 40.Bb2 Rxc3 41.Bxc3 b6 42.Rd2 Rc7
43.Be5 Rc5 44.Bb2 Rc7 45.Be5 Rc5 46.Bb2 Rc7  1/2-1/2